| 000 | 00507nam a2200169Ia 4500 | ||
|---|---|---|---|
| 999 |
_c26349 _d26349 |
||
| 003 | OSt | ||
| 005 | 20201223143444.0 | ||
| 008 | 190216s9999||||xx |||||||||||||| ||und|| | ||
| 040 | _coclc | ||
| 082 |
_a894.8128 _bACH/N |
||
| 100 |
_aAchuthan, M _97167 |
||
| 245 | 0 |
_aNovel Prasnamgalum Patanamgalum / _cM Achuthan |
|
| 260 |
_bSahithya Pravarthaka Sahakarana Sangam, _aKottayam: _c1983. |
||
| 300 | _a187p | ||
| 650 | _aPadanam | ||
| 942 |
_cBK _2ddc _h894.8128 _iACH/N _k894.8128 _mACH/N |
||